000 00591nam a22002297a 4500
003 UA-OsUOA
001 98383
007 ta
008 20130415b un ||||| |||| 00| 0 ukr d
090 _a821.161.1
_bП67
942 _cBK
040 _aUA-OsUOA
_brus
_cUA-OsUOA
_dUA-OsUOA
245 _aПоэзия: Альманах
300 _a175 с.
955 _a3
041 _arus
080 _a821.161.1
260 _aМ.
_bМолодая гвардия
_c1985
246 3 1 _aВып 43
_n
650 7 _a82 Література. Літературознавство
_2UDC
999 _c384989
_d384989